00855cam a2200253 a 450000100100000000500170001000800410002703500190006804000360008708200170012310000470014024500550018726000380024230000280028049000290030865000200033765000170035765000150037483000370038991000280042604900090045495201210046399900170058400001562720250526110105.0820416s1947 ag a 000 0 spa  a(DLC) 48025629 aDO-SdBNPbspacCarPdDLCdBNPHU a152.4bM671c1 aMira y López, Emilio,d1896-1964.93521810aCuatro gigantes del alma /cEmilio Mira y López. aBuenos Aires :bEl Ateneo,c1947. a302 p. :bil. ;c21 cm.1 aCuatro gigantes del alma 0aEmociones 9156 4aMiedo934406 4aIra935219 0aCuatro gigantes del alma.935220 aCatalogación derivada aBNGR 001052708MOaGRbGRcCTd2010-02-15iLF1l0o152.4 M671cp15627-10r2020-06-25w2020-06-25y2ZPréstamo interno c15180d15180